Biggest Lakes in Germany - Statistics

General Stats
  • This quiz has been taken 10 times
  • The average score is 5 of 25
Answer Stats
Lake State(s) area (km²) % Correct
Obersee (Lake Costance) BW, BY 472
100%
Untersee (Lake Costance) BW 62.0
100%
Chiemsee BY 79.9
80%
Müritz MV 113
70%
Starnberger See BY 56.4
50%
Steinhuder Meer NI 29.1
40%
Ammersee BY 46.6
20%
Großer Plöner See SH 28.4
20%
Walchensee BY 16.3
20%
Plauer See MV 38.4
10%
Dümmer NI 12.4
0%
Fleesensee MV 10.8
0%
Kölpinsee MV 20.3
0%
Krakower See MV 15.1
0%
Kummerower See MV 32.6
0%
Malchiner See MV 14.0
0%
Parsteiner See BB 10.0
0%
Ratzeburger See SH 12.6
0%
Schaalsee MV, SH 23.4
0%
Scharmützelsee BB 12.0
0%
Schweriner See MV 61.5
0%
Schwielochsee BB 13.3
0%
Selenter See SH 21.4
0%
Tollensesee MV 17.9
0%
Unteruckersee BB 10.7
0%
No matching quizzes found
Score Distribution
Percent of People with Each Score
Percentile by Number Answered
Your Score History
You have not taken this quiz